What to Do If...?
Na minha lista:
| Autor principal: | |
|---|---|
| Formato: | Livro |
| Idioma: | inglês |
| Tags: |
Sem tags, seja o primeiro a adicionar uma tag!
|
MARC
| LEADER | 00000nam a2200000 4500 | ||
|---|---|---|---|
| 001 | 0315366 | ||
| 005 | 20260309151047.7 | ||
| 020 | |a 9781398626171 | ||
| 041 | 0 | |a eng | |
| 245 | 1 | 0 | |a What to Do If...? |c Anne-Maartje Oud |
| 500 | |a ProQuest e-books. | ||
| 100 | 1 | |a Oud, Anne-Maartje | |